000 00739nam a22002537a 4500
005 20221122093835.0
008 221122b ||||| |||| 00| 0 eng d
040 _cAL
041 _aEnglish
082 _223
_a306.2
_bPATA
100 _aShivraj Patil and others
_963041
245 _aAgenda For Transformation: Some Thoughts
260 _aNew Delhi
_bPrivate Circulation
_c1992
300 _a33 p.
_bPB
_c18x12 cm.
650 _aSociology
_963042
700 _aPATIL (Shivraj)
_963043
700 _aPANDIT (M P)
_963044
700 _aFAROOK (M O H)
_963045
700 _aSINGH (Harswarup)
_963046
700 _aVaithilingam
_963047
700 _aUNNIKRISHNAN (K)
_963048
700 _aVENKATRAMAIAH (E S)
_963049
942 _2ddc
_cGF
999 _c225253
_d225253